000 01065nam a22002417a 4500
999 _c3849
_d3849
003 AR-CdUCM
008 190307b ||||| |||| 00| 0 spa d
040 _aMUNICIPALIDAD PROVINCIAL DEL CUSCO
_cBIBLIOTECA MUNICIPAL DEL CUSCO
041 _heng
082 _22ed.
_a331.2 /
_bD95
100 _aDrucker, Peter F.
_912377
245 _aLa nueva sociedad:
_banatomía del orden industrial /
260 _aBuenos Aires :
_bSudamericana,
_c1974.
300 _a495 páginas ;
_c20 cm.
505 _aContenido: La empresa industrial -- Problemas del orden industrial: los conflictos económicos -- Probelmas del orden industrial: la dirección y el gremio -- Probelmas del orden industrial: la comunidad fabril -- Probelmas del orden industrial: la función directa -- Principios del orden industrial: la desaparición del proletario ...
650 _aSociedad
_953
650 _aIndustria
_94386
650 _aJefes-trabajadores
_912378
650 _aOrden industrial
_912379
700 _aMercader, Marta (traductora)
_912380
942 _2ddc
_cLIBROS
945 _azta